Tsuru : el cacao en alta Talamanca /
Resumen: Este artículo aborda el proceso social e histórico alrededor del cultivo de cacao en las comunidades indígenas en Talamanca, desde el período prehispánico hasta el presenta. Se dividio en segmentos denominados modelos socio-históricos, los cuales se ubican en dos hitos históricos los cuale...
Shranjeno v:
| Glavni avtor: | |
|---|---|
| Format: | Neznan |
| Jezik: | Spanish |
| Teme: | |
| Oznake: |
Označite
Brez oznak, prvi označite!
|
MARC
| LEADER | 000000000a22000000004500 | ||
|---|---|---|---|
| 001 | 010554 | ||
| 041 | 0 | |a spa | |
| 100 | 1 | |a Acuña, Kathia | |
| 245 | 1 | 0 | |a Tsuru : |b el cacao en alta Talamanca / |c Kathia Acuña. |
| 310 | |a semestral | ||
| 520 | |a Resumen: Este artículo aborda el proceso social e histórico alrededor del cultivo de cacao en las comunidades indígenas en Talamanca, desde el período prehispánico hasta el presenta. Se dividio en segmentos denominados modelos socio-históricos, los cuales se ubican en dos hitos históricos los cuales se caracterizan por tener presencia predominante de una serie de prácticas sociales. En total se identificaron cuatro; el primero, es el tradicional-tradicional, el cual abarca del período prehispánico hasta 1908; el segundo, de enclave de 1909-1940; el tercero, de recuperación (1941-1979) y el cuarto, denominado de transición (1980-2006). La construcción de cada uno de estos se hace a partir de cuatro aspectos fundamentales; prácticas productivas, relaciones sociales, organización para el trabajo, relación con el ambiente y lo simbólico. | ||
| 650 | 4 | |a TALALMANCA, LIMON, (COSTA RICA) | |
| 650 | 4 | |a CACAO | |
| 650 | 4 | |a CHOCOLATE | |
| 650 | 4 | |a INDIGENAS COSTARRICENSES | |
| 650 | 4 | |a BRIBRIS | |
| 650 | 4 | |a CABECAR | |
| 650 | 4 | |a PRODUCCION | |
| 650 | 4 | |a TSURU | |
| 773 | 0 | |x 1659-0066 |d San José, Costa Rica : Editorial de la Universidad de Costa Rica |t Herencia |g volumen 20, números 1 y 2 (2007), páginas 83-98 | |
| 942 | |c ARC | ||
| 999 | |c 17468 |d 17468 | ||
